MARC details
| 000 -LEADER |
| campo de control de longitud fija |
01116nam a2200337 i 4500 |
| 001 - NÚMERO DE CONTROL |
| campo de control |
MOR01000105227 |
| 003 - IDENTIFICADOR DE NÚMERO DE CONTROL |
| campo de control |
$$amxdfmo |
| 005 - FECHA Y HORA DE LA ÚLTIMA TRANSACCIÓN |
| campo de control |
20260331230825.0 |
| 008 - DATOS DE LONGITUD FIJA--INFORMACIÓN GENERAL |
| campo de control de longitud fija |
171020s1950 dfm g 000 0 spa d |
| 035 ## - NÚMERO DE CONTROL DEL SISTEMA |
| Número de control de sistema |
171215 |
| 040 ## - FUENTE DE CATALOGACIÓN |
| Centro catalogador/agencia de origen |
mxcmmo |
| Lengua de catalogación |
spa |
| Centro/agencia transcriptor |
mxcmmo |
| Normas de descripción |
rda |
| 041 0# - CÓDIGO DE IDIOMA |
| Código de lengua del texto/banda sonora o título independiente |
spa |
| 043 ## - CÓDIGO DE ÁREA GEOGRÁFICA |
| Código de área geográfica |
e-fr--- |
| 082 04 - NÚMERO DE LA CLASIFICACIÓN DECIMAL DEWEY |
| Número de clasificación |
843.9 |
| Número de ítem |
GID.r |
| 100 1# - ENTRADA PRINCIPAL--NOMBRE DE PERSONA |
| Nombre de persona |
Gide, André Paul Guilláume |
| Fechas asociadas al nombre |
1869-1951 |
| Término indicativo de función/relación |
autor |
| 9 (RLIN) |
114609 |
| 245 13 - MENCIÓN DEL TÍTULO |
| Título |
El regreso del hijo pródigo/ |
| Mención de responsabilidad, etc. |
Andre Gide ; vesión española de X. Villaurrutia |
| 264 #1 - PRODUCCIÓN, PUBLICACIÓN, DISTRIBUCIÓN, FABRICACIÓN Y COPYRIGHT |
| Producción, publicación, distribución, fabricación y copyright |
México: |
| Nombre del de productor, editor, distribuidor, fabricante |
Editorial Séneca, |
| Fecha de producción, publicación, distribución, fabricación o copyright |
[Fecha de edición no identificada] |
| 336 ## - TIPO DE CONTENIDO |
| Término de tipo de contenido |
texto |
| Código de tipo de contenido |
txt |
| Fuente |
rdacontent |
| 337 ## - TIPO DE MEDIO |
| Nombre/término del tipo de medio |
sin medio |
| Código del tipo de medio |
n |
| Fuente |
rdamedia |
| 338 ## - TIPO DE SOPORTE |
| Nombre/término del tipo de soporte |
volumen |
| Código del tipo de soporte |
nc |
| Fuente |
rdacarrier |
| 490 0# - MENCIÓN DE SERIE |
| Mención de serie |
El clavo ardiendo |
| 561 0# - PROPIEDAD E HISTORIA DE CUSTODIA/NOTA DE PROCEDENCIA |
| Historial |
Fondo Miguel Castro Ruiz |
| 700 1# - ENTRADA AGREGADA--NOMBRE PERSONAL |
| Nombre de persona |
Villaurrutia, Xavier |
| Fechas asociadas al nombre |
1903-1950 |
| Término indicativo de función/relación |
traductor |
| 9 (RLIN) |
4489 |
| 900 ## - ELEMENTOS DE DATOS A LOCAL, LDA (RLIN) |
| Nombre de persona |
CATY |
| Numeración |
30 |
| Títulos y otros términos asociados al nombre |
20171031 |
| Lenguaje de la obra |
MOR01 |
| -- |
0950 |
| 900 ## - ELEMENTOS DE DATOS A LOCAL, LDA (RLIN) |
| Nombre de persona |
KLASY |
| Numeración |
30 |
| Títulos y otros términos asociados al nombre |
20171107 |
| Lenguaje de la obra |
MOR01 |
| -- |
1106 |
| 900 ## - ELEMENTOS DE DATOS A LOCAL, LDA (RLIN) |
| Nombre de persona |
LUIS |
| Numeración |
20 |
| Títulos y otros términos asociados al nombre |
20171020 |
| Lenguaje de la obra |
MOR01 |
| -- |
1352 |
| 900 ## - ELEMENTOS DE DATOS A LOCAL, LDA (RLIN) |
| Nombre de persona |
LUIS |
| Numeración |
20 |
| Títulos y otros términos asociados al nombre |
20171020 |
| Lenguaje de la obra |
MOR01 |
| -- |
1352 |
| 900 ## - ELEMENTOS DE DATOS A LOCAL, LDA (RLIN) |
| Nombre de persona |
VOBO |
| Numeración |
40 |
| Títulos y otros términos asociados al nombre |
20180117 |
| Lenguaje de la obra |
MOR01 |
| -- |
1249 |
| 904 ## - ELEMENTOS DE DATOS D LOCAL, LDD (RLIN) |
| a |
UPDATE |
| 942 ## - ELEMENTOS DE ENTRADA SECUNDARIOS (KOHA) |
| Código de la institución [OBSOLETO] |
BK |
| 901 ## - ELEMENTOS DE DATOS A LOCAL LDA (RLIN) |
| a |
batch batch |